| 000 | 00740cab a2200217 4500 | ||
|---|---|---|---|
| 001 | WB3334-24 | ||
| 008 | 090401t1997 xxu||||| |||| 00| 0 eng d | ||
| 035 | _a(Sirsi) u80679 | ||
| 041 | _aeng | ||
| 245 | _aInvestment style | ||
| 260 | _c1997 | ||
| 350 | _a0 | ||
| 490 |
_aFinancial Times _v5 September 1997, 24(2) |
||
| 520 | _aProperty fund managers must demonstrate their delivery of outperformance, so as to obtain an appropriate benchmark. This has led to efforts to classify different approaches to property investment. | ||
| 650 | _aBENCHMARK | ||
| 650 | _aPROPERTY FUND MANAGEMENT | ||
| 650 | _aPROPERTY INVESTMENT | ||
| 690 | _aMANAGEMENT-BUSINESS MANAGEMENT-PROFESSIONAL PRACTICE | ||
| 942 | _n0 | ||
| 948 | _c05/09/1997 | ||
| 999 |
_c50790 _d50790 |
||